[Event "26th Abu Dhabi Master 2019"]
[Site "Abu Dhabi"]
[Date "2019.08.02"]
[Round "1.62"]
[White "Panda Sambit"]
[Black "Laxman, R.R."]
[Result "1/2-1/2"]
[WhiteElo "2126"]
[BlackElo "2429"]
[Annotator "NA"]
[PlyCount "94"]
[EventDate "2019.08.02"]
[EventType "swiss"]
[EventCountry "UAE"]
[SourceTitle "playchess.com"]
[Source "ChessBase"]
[SourceQuality "1"]
[TimeControl "5400+30"]

1. d4 {[%emt 0:00:00]} Nf6 {[%emt 0:00:00]} 2. c4 {[%emt 0:00:14]} e6 {[%emt 0:00:00]} 3. Nf3 {[%emt 0:00:04]} b6 {[%emt 0:00:00]} 4. g3 {[%emt 0:00:05]} Ba6 {[%emt 0:00:00]} 5. b3 {[%emt 0:00:05]} Bb7 {[%emt 0:00:10]} 6. Bg2 {[%emt 0:00:06]} Bb4+ {[%emt 0:00:05]} 7. Bd2 {[%emt 0:00:03]} c5 {[%emt 0:00:05]} 8. Bxb4 {[%emt 0:00:00]} cxb4 {[%emt 0:00:00]} 9. O-O {[%emt 0:00:00]} O-O {[%emt 0:00:02]} 10. Qd3 {[%emt 0:00:00]} a5 {[%emt 0:00:49]} 11. Nbd2 {[%emt 0:00:24]} d6 {[%emt 0:00:21]} 12. Ne1 {[%emt 0:01:47]} Bxg2 {[%emt 0:01:17]} 13. Nxg2 {[%emt 0:00:12]} Qc7 {[%emt 0:05:32]} 14. e4 {[%emt 0:02:54]} e5 {[%emt 0:03:04]} 15. f4 {[%emt 0:36:11]} exd4 {[%emt 0:06:23]} 16. Qxd4 {[%emt 0:01:37]} Qc5 {[%emt 0:00:10]} 17. Qxc5 {[%emt 0:13:40]} bxc5 {[%emt 0:01:27]} 18. a4 {[%emt 0:02:07]} Nc6 {[%emt 0:03:13]} 19. Nh4 {[%emt 0:02:14]} Rfe8 {[%emt 0:01:58]} 20. Rae1 {[%emt 0:15:05]} Re6 {[%emt 0:00:30]} 21. f5 {[%emt 0:06:45]} Re7 {[%emt 0:00:21]} 22. Rf3 {[%emt 0:01:38]} Ne5 {[%emt 0:12:45]} 23. Rfe3 {[%emt 0:01:08]} Rae8 {[%emt 0:00:05]} 24. h3 {[%emt 0:04:27]} Kf8 {[%emt 0:01:18]} 25. Kg2 {[%emt 0:01:20]} Nc6 {[%emt 0:06:29]} 26. Nhf3 {[%emt 0:01:15]} Nd4 {[%emt 0:04:35]} 27. Nxd4 {[%emt 0:01:44]} cxd4 {[%emt 0:00:54]} 28. Rd3 {[%emt 0:01:21]} Nxe4 {[%emt 0:00:02]} 29. Rxd4 {[%emt 0:00:33]} Nc5 {[%emt 0:00:15]} 30. Rxe7 {[%emt 0:00:57]} Kxe7 {[%emt 0:00:06]} 31. Kf3 {[%emt 0:05:10]} g6 {[%emt 0:00:05]} 32. Ne4 {[%emt 0:01:47]} Nxb3 {[%emt 0:01:06]} 33. f6+ {[%emt 0:00:04]} Kd7 {[%emt 0:00:11]} 34. Rxd6+ {[%emt 0:00:27]} Kc7 {[%emt 0:00:02]} 35. Rd5 {[%emt 0:01:13]} Re6 {[%emt 0:04:17]} 36. Ke3 {[%emt 0:00:48]} h6 {[%emt 0:01:07]} 37. h4 {[%emt 0:00:15]} h5 {[%emt 0:00:23]} 38. Rb5 {[%emt 0:00:47]} Kc6 {[%emt 0:04:07]} 39. Kf4 {[%emt 0:00:23]} Nd4 {[%emt 0:00:25]} 40. Rxa5 {[%emt 0:00:31]} Kb6 {[%emt 0:01:48]} 41. Rd5 {[%emt 0:00:34]} Ne2+ {[%emt 0:04:04]} 42. Kf3 {[%emt 0:00:10]} b3 {[%emt 0:01:33]} 43. Rb5+ {[%emt 0:00:43]} Kc6 {[%emt 0:00:22]} 44. Rc5+ {[%emt 0:00:33]} Kd7 {[%emt 0:00:39]} 45. Rd5+ {[%emt 0:00:33]} Kc6 {[%emt 0:02:59]} 46. Rc5+ {[%emt 0:00:07]} Kd7 {[%emt 0:00:15]} 47. Rd5+ {[%emt 0:00:05]} Kc6 {[%emt 0:00:34]} 1/2-1/2

[Event "26th Abu Dhabi Master 2019"]
[Site "Abu Dhabi"]
[Date "2019.08.02"]
[Round "1.63"]
[White "Dimakiling, Oliver"]
[Black "Ashraf, Artin"]
[Result "1-0"]
[WhiteElo "2403"]
[BlackElo "2141"]
[Annotator "NA"]
[PlyCount "101"]
[EventDate "2019.08.02"]
[EventType "swiss"]
[EventCountry "UAE"]
[SourceTitle "playchess.com"]
[Source "ChessBase"]
[SourceQuality "1"]
[TimeControl "5400+30"]

1. c4 Nf6 2. Nc3 c5 3. g3 g6 4. Bg2 Bg7 5. Nf3 O-O 6. d4 cxd4 7. Nxd4 Nc6 8. O-O d6 9. e3 Bd7 10. b3 Qc8 11. Re1 Bh3 12. Bh1 h5 13. Bb2 Nxd4 14. exd4 Qd7 15. Qd2 Rfe8 16. a4 Rab8 17. d5 h4 18. Ne4 Nxe4 19. Rxe4 hxg3 20. hxg3 Bf5 21. Bxg7 Kxg7 22. Re3 a6 23. a5 Rh8 24. Bf3 g5 25. Rae1 Rbe8 26. b4 f6 27. Qe2 Kf8 28. c5 Bg6 29. Bg2 Rh7 30. Qc4 Rc8 31. Qc3 Rf7 32. Re6 Bf5 33. Qf3 Bg6 34. cxd6 exd6 35. Rxf6 Qd8 36. Ree6 Rc4 37. Bh3 Rc1+ 38. Kh2 Rxf6 39. Qxf6+ Qxf6 40. Rxf6+ Kg7 41. Rxd6 Rc2 42. Rd7+ Kh6 43. Rxb7 Rxf2+ 44. Kg1 Rf3 45. Rb6 Kg7 46. d6 Rxg3+ 47. Kh2 Rd3 48. d7 Kf7 49. Rxa6 Rd2+ 50. Kg1 Be4 51. Re6 1-0

[Event "26th Abu Dhabi Master 2019"]
[Site "Abu Dhabi"]
[Date "2019.08.02"]
[Round "1.64"]
[White "Tashkhodzhaev, Akram"]
[Black "Suleymanli, Aydin"]
[Result "1/2-1/2"]
[WhiteElo "2123"]
[BlackElo "2416"]
[Annotator "NA"]
[PlyCount "84"]
[EventDate "2019.08.02"]
[EventType "swiss"]
[EventCountry "UAE"]
[SourceTitle "playchess.com"]
[Source "ChessBase"]
[SourceQuality "1"]
[TimeControl "5400+30"]

1. e4 c6 2. d4 d5 3. Nd2 dxe4 4. Nxe4 Bf5 5. Ng3 Bg6 6. Nf3 Nd7 7. h4 h6 8. h5 Bh7 9. Bd3 Bxd3 10. Qxd3 Ngf6 11. Bf4 Qa5+ 12. Bd2 Qc7 13. O-O-O O-O-O 14. Qe2 e6 15. Ne5 Nb6 16. Ba5 c5 17. Bxb6 axb6 18. dxc5 Bxc5 19. Nd3 Rd5 20. Ne4 Nxe4 21. Qxe4 Be7 22. f4 Bf6 23. g3 Rhd8 24. Nf2 Bd4 25. Qe2 Qc5 26. Ne4 Qa5 27. c3 f5 28. cxd4 fxe4 29. Qc4+ Kb8 30. Kb1 b5 31. Qc3 Qb6 32. Qb4 Rxd4 33. Rxd4 Rxd4 34. Qf8+ Ka7 35. Rc1 Rd3 36. Qxg7 e3 37. Qe5 Rd5 38. Qe4 b4 39. Re1 Qc5 40. Rc1 Qb6 41. Re1 Qc5 42. Rc1 Qb6 1/2-1/2

[Event "26th Abu Dhabi Master 2019"]
[Site "Abu Dhabi"]
[Date "2019.08.02"]
[Round "1.65"]
[White "Sammed Jaykumar, Shete"]
[Black "Wang, Shanshan"]
[Result "1-0"]
[WhiteElo "2416"]
[BlackElo "2122"]
[Annotator "NA"]
[PlyCount "57"]
[EventDate "2019.08.02"]
[EventType "swiss"]
[EventCountry "UAE"]
[SourceTitle "playchess.com"]
[Source "ChessBase"]
[SourceQuality "1"]
[TimeControl "5400+30"]

1. e4 {[%emt 0:00:00]} c5 {[%emt 0:08:05]} 2. Nf3 {[%emt 0:00:00]} d6 {[%emt 0:00:20]} 3. d4 {[%emt 0:00:00]} cxd4 4. Qxd4 Nc6 5. Qe3 Nf6 6. Be2 g6 7. h3 Bg7 8. O-O O-O 9. Rd1 Qc7 10. c4 Nb4 11. Qb3 Nc6 12. Nc3 Na5 13. Qb4 Bd7 14. Be3 Nc6 15. Qa3 b6 16. Rac1 Qb7 17. b4 {[%emt 0:40:22]} Be6 {[%emt 0:45:28]} 18. c5 dxc5 19. Ba6 Qb8 20. bxc5 Ne5 21. Nxe5 Qxe5 22. f4 Qh5 23. e5 Nd7 24. c6 Nxe5 25. fxe5 Bxe5 26. Ne2 Rad8 27. Rxd8 Rxd8 28. Qxe7 Rf8 29. Qg5 1-0

[Event "26th Abu Dhabi Master 2019"]
[Site "Abu Dhabi"]
[Date "2019.08.02"]
[Round "1.66"]
[White "Mahdian, Anousha"]
[Black "Sankalp Gupta"]
[Result "1-0"]
[WhiteElo "2118"]
[BlackElo "2416"]
[Annotator "NA"]
[PlyCount "63"]
[EventDate "2019.08.02"]
[EventType "swiss"]
[EventCountry "UAE"]
[SourceTitle "playchess.com"]
[Source "ChessBase"]
[SourceQuality "1"]
[TimeControl "5400+30"]

1. d4 Nf6 2. c4 e6 3. Nc3 Bb4 4. Qc2 b6 5. e4 c5 6. d5 Qe7 7. Nge2 exd5 8. exd5 O-O 9. Bd2 {[%emt 0:07:02]} d6 {[%emt 0:11:18]} 10. f3 {[%emt 0:00:27]} a6 {[%emt 0:01:08]} 11. O-O-O {[%emt 0:01:40]} Nbd7 {[%emt 0:16:06]} 12. Ng3 {[%emt 0:26:30]} Re8 {[%emt 0:00:39]} 13. Nf5 {[%emt 0:03:53]} Qf8 {[%emt 0:00:06]} 14. g4 {[%emt 0:11:47]} Ne5 {[%emt 0:01:40]} 15. Be2 {[%emt 0:00:09]} b5 {[%emt 0:01:21]} 16. Ne3 {[%emt 0:01:29]} Bb7 {[%emt 0:11:26]} 17. Rhf1 {[%emt 0:11:58]} bxc4 {[%emt 0:04:01]} 18. g5 {[%emt 0:01:03]} Nd3+ {[%emt 0:02:15]} 19. Bxd3 {[%emt 0:00:03]} cxd3 {[%emt 0:00:09]} 20. Qxd3 {[%emt 0:00:07]} Nd7 {[%emt 0:00:15]} 21. Nc4 {[%emt 0:01:03]} Ne5 {[%emt 0:00:30]} 22. Nxe5 {[%emt 0:00:30]} dxe5 {[%emt 0:05:34]} 23. Ne4 {[%emt 0:03:16]} a5 {[%emt 0:05:52]} 24. Qe3 {[%emt 0:03:57]} Red8 {[%emt 0:04:30]} 25. Nf6+ {[%emt 0:06:36]} gxf6 {[%emt 0:04:07]} 26. gxf6 {[%emt 0:00:02]} Kh8 {[%emt 0:00:44]} 27. Rg1 {[%emt 0:00:06]} Ra6 {[%emt 0:03:18]} 28. Qg5 {[%emt 0:06:21]} Bxd2+ {[%emt 0:03:35]} 29. Rxd2 {[%emt 0:00:30]} h6 {[%emt 0:00:30]} 30. Qxe5 {[%emt 0:00:30]} Qd6 {[%emt 0:00:30]} 31. Qe7 {[%emt 0:00:30]} Rb6 {[%emt 0:00:30]} 32. Rg6 {[%emt 0:00:30]} 1-0

[Event "26th Abu Dhabi Master 2019"]
[Site "Abu Dhabi"]
[Date "2019.08.02"]
[Round "1.67"]
[White "Vaishali R"]
[Black "Davainis, Marius"]
[Result "1-0"]
[WhiteElo "2344"]
[BlackElo "2105"]
[Annotator "NA"]
[PlyCount "53"]
[EventDate "2019.08.02"]
[EventType "swiss"]
[EventCountry "UAE"]
[SourceTitle "playchess.com"]
[Source "ChessBase"]
[SourceQuality "1"]
[TimeControl "5400+30"]

1. e4 d5 2. exd5 Nf6 3. d4 Nxd5 4. c4 Nb6 5. Nc3 g6 6. c5 Nd5 7. Bc4 Nxc3 8. Qf3 e6 9. bxc3 Bg7 10. Ne2 O-O 11. h4 h6 12. Qg3 c6 13. h5 g5 14. f4 Bf6 15. O-O b6 16. fxg5 Bxg5 17. Nf4 Qc7 18. Qf3 Qe7 19. Nh3 Bxc1 20. Raxc1 Ba6 21. Qg3+ Kh8 22. Qe3 Kg7 23. Qe5+ Kh7 24. Bxa6 Nxa6 25. Rf6 Rh8 26. Rcf1 Raf8 27. Ng5+ 1-0

[Event "26th Abu Dhabi Master 2019"]
[Site "Abu Dhabi"]
[Date "2019.08.02"]
[Round "1.68"]
[White "Panesar Vedant"]
[Black "Ni, Shiqun"]
[Result "0-1"]
[WhiteElo "2092"]
[BlackElo "2407"]
[Annotator "NA"]
[PlyCount "96"]
[EventDate "2019.08.02"]
[EventType "swiss"]
[EventCountry "UAE"]
[SourceTitle "playchess.com"]
[Source "ChessBase"]
[SourceQuality "1"]
[TimeControl "5400+30"]

1. d4 {[%emt 0:00:00]} Nf6 {[%emt 0:00:00]} 2. c4 {[%emt 0:00:00]} g6 {[%emt 0:00:54]} 3. Nc3 {[%emt 0:00:00]} d5 {[%emt 0:00:05]} 4. Nf3 {[%emt 0:00:00]} Bg7 {[%emt 0:00:07]} 5. h4 {[%emt 0:00:05]} c6 {[%emt 0:00:46]} 6. Bg5 {[%emt 0:00:46]} dxc4 {[%emt 0:03:17]} 7. e4 {[%emt 0:01:31]} Be6 {[%emt 0:03:24]} 8. e5 {[%emt 0:06:31]} Nd5 {[%emt 0:03:09]} 9. Be2 {[%emt 0:17:22]} Nd7 {[%emt 0:04:16]} 10. h5 {[%emt 0:01:21]} f6 {[%emt 0:18:25]} 11. exf6 {[%emt 0:02:37]} exf6 {[%emt 0:00:34]} 12. Bd2 {[%emt 0:00:09]} Qe7 {[%emt 0:05:25]} 13. O-O {[%emt 0:02:11]} Nxc3 {[%emt 0:12:16]} 14. bxc3 {[%emt 0:01:16]} Qf7 {[%emt 0:00:30]} 15. h6 {[%emt 0:03:57]} Bf8 {[%emt 0:00:05]} 16. Re1 {[%emt 0:00:08]} O-O-O {[%emt 0:09:08]} 17. Qa4 {[%emt 0:08:54]} Kb8 {[%emt 0:00:15]} 18. Bf4+ {[%emt 0:00:29]} Ka8 {[%emt 0:00:01]} 19. Rab1 {[%emt 0:00:18]} b5 {[%emt 0:09:24]} 20. Rxb5 {[%emt 0:13:06]} cxb5 {[%emt 0:01:35]} 21. Qxb5 {[%emt 0:00:02]} Bd5 {[%emt 0:03:59]} 22. Bc7 {[%emt 0:06:20]} Rb8 {[%emt 0:00:15]} 23. Bxb8 {[%emt 0:02:09]} Nxb8 {[%emt 0:00:03]} 24. Nd2 {[%emt 0:03:16]} Bxh6 {[%emt 0:01:15]} 25. Nxc4 {[%emt 0:01:16]} Bf4 {[%emt 0:03:34]} 26. g3 {[%emt 0:07:03]} Bc7 {[%emt 0:02:05]} 27. Ne3 {[%emt 0:08:07]} Bc6 {[%emt 0:00:07]} 28. Qd3 {[%emt 0:00:02]} f5 {[%emt 0:04:59]} 29. d5 {[%emt 0:00:50]} Bb7 {[%emt 0:01:38]} 30. d6 {[%emt 0:01:17]} Bb6 {[%emt 0:04:28]} 31. Nc4 {[%emt 0:00:55]} Qd5 {[%emt 0:03:10]} 32. Qxd5 {[%emt 0:00:02]} Bxd5 {[%emt 0:00:01]} 33. Rd1 {[%emt 0:00:55]} Bxc4 {[%emt 0:01:10]} 34. Bxc4 {[%emt 0:00:01]} Kb7 {[%emt 0:00:09]} 35. Bd5+ {[%emt 0:00:26]} Kc8 {[%emt 0:00:02]} 36. a4 {[%emt 0:02:11]} Re8 {[%emt 0:01:59]} 37. Kf1 {[%emt 0:00:06]} Kd7 {[%emt 0:00:20]} 38. Bc4 {[%emt 0:00:24]} Nc6 {[%emt 0:01:32]} 39. Bf7 {[%emt 0:05:59]} Rf8 {[%emt 0:00:08]} 40. Bb3 {[%emt 0:00:22]} Rf6 {[%emt 0:00:07]} 41. Bg8 {[%emt 0:00:24]} Rxd6 {[%emt 0:02:13]} 42. Rxd6+ {[%emt 0:00:02]} Kxd6 {[%emt 0:00:01]} 43. Bxh7 {[%emt 0:00:01]} Ne7 {[%emt 0:00:02]} 44. f4 {[%emt 0:01:08]} Kd5 {[%emt 0:01:22]} 45. Ke2 {[%emt 0:00:30]} Ke4 {[%emt 0:00:28]} 46. c4 {[%emt 0:00:15]} a5 {[%emt 0:00:20]} 47. Kd2 {[%emt 0:01:49]} Kf3 {[%emt 0:00:14]} 48. Kd3 {[%emt 0:00:12]} Bc5 {[%emt 0:00:38] Kd4} 0-1

[Event "26th Abu Dhabi Master 2019"]
[Site "Abu Dhabi"]
[Date "2019.08.02"]
[Round "1.69"]
[White "Agmanov, Zhandos"]
[Black "Srihari L"]
[Result "1-0"]
[WhiteElo "2402"]
[BlackElo "2101"]
[Annotator "NA"]
[PlyCount "95"]
[EventDate "2019.08.02"]
[EventType "swiss"]
[EventCountry "UAE"]
[SourceTitle "playchess.com"]
[Source "ChessBase"]
[SourceQuality "1"]
[TimeControl "5400+30"]

1. e4 {[%emt 0:00:00]} c5 {[%emt 0:00:57]} 2. Nf3 {[%emt 0:00:00]} d6 {[%emt 0:00:21]} 3. d4 {[%emt 0:00:09]} Nf6 {[%emt 0:00:17]} 4. dxc5 {[%emt 0:00:31]} Nxe4 {[%emt 0:00:17]} 5. cxd6 {[%emt 0:00:07]} Nxd6 {[%emt 0:00:06]} 6. Bf4 {[%emt 0:00:24]} Nc6 {[%emt 0:01:03]} 7. Nc3 {[%emt 0:01:12]} g6 {[%emt 0:05:26]} 8. Nb5 {[%emt 0:01:22]} Nxb5 {[%emt 0:06:29]} 9. Qxd8+ {[%emt 0:00:07]} Nxd8 {[%emt 0:00:07]} 10. Bxb5+ {[%emt 0:00:06]} Bd7 {[%emt 0:00:13]} 11. Bxd7+ {[%emt 0:07:12]} Kxd7 {[%emt 0:00:06]} 12. O-O-O+ {[%emt 0:00:47]} Ke8 {[%emt 0:00:48]} 13. Nd4 {[%emt 0:29:36]} Bg7 {[%emt 0:02:28]} 14. Nb5 {[%emt 0:00:56]} Ne6 {[%emt 0:02:42]} 15. Rhe1 {[%emt 0:05:26]} Kf8 {[%emt 0:14:23]} 16. Nc7 {[%emt 0:14:01]} Nxc7 {[%emt 0:00:41]} 17. Bxc7 {[%emt 0:00:02]} Ke8 {[%emt 0:03:49]} 18. Rd3 {[%emt 0:00:44]} Bf6 {[%emt 0:19:32]} 19. Red1 {[%emt 0:04:54]} Kf8 {[%emt 0:01:57]} 20. Rd7 {[%emt 0:01:30]} Kg7 {[%emt 0:00:22]} 21. a4 {[%emt 0:03:25]} b6 {[%emt 0:05:57]} 22. c3 {[%emt 0:01:10]} Rhc8 {[%emt 0:01:35]} 23. Kc2 {[%emt 0:02:14]} Re8 {[%emt 0:05:44]} 24. Bg3 {[%emt 0:02:56]} Rec8 {[%emt 0:02:46]} 25. Rb7 {[%emt 0:01:58]} Rc6 {[%emt 0:00:19]} 26. Rdd7 {[%emt 0:00:32]} a6 {[%emt 0:00:51]} 27. Bc7 {[%emt 0:00:50]} b5 {[%emt 0:00:48]} 28. axb5 {[%emt 0:06:29]} axb5 {[%emt 0:00:26]} 29. Bf4 {[%emt 0:09:23]} Ra4 {[%emt 0:03:07]} 30. Be3 {[%emt 0:00:47]} Rg4 {[%emt 0:02:17]} 31. g3 {[%emt 0:01:35]} b4 {[%emt 0:04:36]} 32. Rdc7 {[%emt 0:01:18]} Rxc7 {[%emt 0:03:25]} 33. Rxc7 {[%emt 0:00:01]} bxc3 {[%emt 0:00:08]} 34. bxc3 {[%emt 0:00:01]} Ra4 {[%emt 0:00:18]} 35. c4 {[%emt 0:00:54]} Ra8 {[%emt 0:01:42]} 36. c5 {[%emt 0:00:05]} Kf8 {[%emt 0:00:14]} 37. Kb3 {[%emt 0:00:40]} Ke8 {[%emt 0:00:06]} 38. Kc4 {[%emt 0:00:04]} Kd8 {[%emt 0:00:48]} 39. Rb7 {[%emt 0:00:04]} Be5 {[%emt 0:01:42]} 40. c6 {[%emt 0:01:05]} Bc7 {[%emt 0:00:11]} 41. Ba7 {[%emt 0:00:05]} Rc8 {[%emt 0:01:41]} 42. Kb5 {[%emt 0:00:21]} Bd6 {[%emt 0:01:16]} 43. Rd7+ {[%emt 0:00:20]} Ke8 {[%emt 0:00:10]} 44. Kb6 {[%emt 0:00:13]} Rd8 {[%emt 0:02:14]} 45. Rxd8+ {[%emt 0:00:07]} Kxd8 {[%emt 0:00:03]} 46. Kb7 {[%emt 0:00:21]} Bc7 {[%emt 0:00:13]} 47. Bc5 {[%emt 0:00:13]} Ba5 {[%emt 0:00:07]} 48. Bb4 {[%emt 0:00:05]} 1-0

[Event "26th Abu Dhabi Master 2019"]
[Site "Abu Dhabi"]
[Date "2019.08.02"]
[Round "1.70"]
[White "Vatsal Singhania"]
[Black "Mendonca, Leon Luke"]
[Result "1-0"]
[WhiteElo "2213"]
[BlackElo "2401"]
[Annotator "TA"]
[PlyCount "97"]
[EventDate "2019.08.02"]
[EventType "swiss"]
[EventCountry "UAE"]
[SourceTitle "playchess.com"]
[Source "ChessBase"]
[SourceQuality "1"]

{[%evp 13,97,24,65,56,60,53,55,47,66,43,45,0,45,40,41,41,45,45,45,37,38,7,45,29,51,25,28,33,175,172,201,125,115,31,106,29,27,32,48,44,25,34,62,50,39,30,116,102,114,111,114,103,120,118,173,73,230,235,237,223,325,304,427,362,491,488,543,451,425,360,534,530,493,412,1406,1452,1427,1408,2477,1716,2255,2453,2688,2713,1444,898]} 1. e4 c5 2. Nf3 e6 3. d4 cxd4 4. Nxd4 a6 5. c4 Nf6 6. Nc3 Qc7 7. a3 Be7 8. Be3 {B41: Sicilian: Kan Variation: 5 c4} d6 9. Be2 Nbd7 10. O-O {White is slightly better.} b6 11. b4 Bb7 12. f3 Rc8 (12... b5 $5) 13. Rc1 O-O (13... Qb8 14. Qd2 Bd8 15. Kh1 h5 16. Nb3 {1-0 (36) Karjakin,S (2753)-Smirin,I (2609) St Petersburg 2018}) 14. Qd2 Qb8 15. Rc2 Rfe8 16. Rb1 Bd8 17. Kh1 Bc7 (17... Ne5 $5 {[%cal Re5c4]}) 18. Bg1 h5 {[#]} 19. Na4 $146 ({Predecessor:} 19. Bf2 d5 20. cxd5 exd5 21. Nxd5 Nxd5 22. exd5 Bxh2 23. Rxc8 Bxc8 {½-½ (23) Brkic,A (2568)-Saric,A (2472) Bol 2010}) 19... h4 20. c5 b5 (20... dxc5 $14 21. bxc5 bxc5) 21. c6 $18 {[%mdl 64] [#] Double Attack} bxa4 22. cxb7 ({But not} 22. cxd7 $6 Nxd7 23. Nc6 Bxc6 $16) 22... Qxb7 23. Qd3 (23. Nc6 $16) 23... Ra8 ({Better is} 23... Bb6 $14) 24. Qc4 (24. b5 $16) 24... Bb6 $11 25. Qc6 Qb8 26. Qxa4 d5 27. exd5 exd5 28. Qb3 Qf4 29. Qd3 Re5 (29... Nh5 $11) 30. Qd2 $16 Nh5 31. Qxf4 Nxf4 32. Bf1 Rae8 33. Bf2 ({Much weaker is} 33. Bxa6 $6 Re1 $11) 33... g6 (33... Ne2 $16) 34. Rd2 (34. Bxa6 Bxd4 35. Bxd4 Re1+ 36. Rxe1 Rxe1+ 37. Bg1 h3 $15) (34. a4 $18 {has better winning chances.}) 34... g5 $2 {[#]} (34... Ne2 $16 {was called for.}) 35. Bxa6 $18 Bxd4 36. Rxd4 ({And not} 36. Bxd4 Re1+ 37. Rxe1 Rxe1+ 38. Bg1 h3 $15) 36... Nf8 (36... Nb6 $142 37. Bb5 R8e6) 37. Bf1 N8g6 (37... Ra8 $142 38. b5 Ree8) 38. b5 {[%cal Bb4b5,Bb5b6][%mdl 32]} Ne2 39. Rd2 Ngf4 40. Bxe2 Nxe2 41. Re1 h3 (41... d4 {was worth a try.} 42. a4 f5) 42. gxh3 d4 43. b6 Nf4 (43... Ng3+ $142 44. Kg2 Rxe1) 44. Rxe5 {White is clearly winning.} Rxe5 45. a4 Nxh3 46. Bg3 Re7 47. Kg2 g4 48. fxg4 Ng5 49. Bh4 {Accuracy: White = 49%, Black = 32%.} 1-0

[Event "26th Abu Dhabi Master 2019"]
[Site "Abu Dhabi"]
[Date "2019.08.02"]
[Round "1.71"]
[White "Ammar, Sedrani"]
[Black "Sharma Isha"]
[Result "1-0"]
[WhiteElo "2024"]
[BlackElo "2188"]
[Annotator "NA"]
[PlyCount "101"]
[EventDate "2019.08.02"]
[EventType "swiss"]
[EventCountry "UAE"]
[SourceTitle "playchess.com"]
[Source "ChessBase"]
[SourceQuality "1"]
[TimeControl "5400+30"]

1. d4 {[%emt 0:14:36]} d6 {[%emt 0:14:55]} 2. e4 {[%emt 0:00:12]} Nf6 {[%emt 0:00:06]} 3. Nc3 {[%emt 0:00:04]} e5 {[%emt 0:00:07]} 4. dxe5 {[%emt 0:00:43]} dxe5 {[%emt 0:00:05]} 5. Qxd8+ {[%emt 0:00:38]} Kxd8 {[%emt 0:00:05]} 6. Bc4 {[%emt 0:00:38]} Ke8 {[%emt 0:00:07]} 7. f3 {[%emt 0:02:16]} c6 {[%emt 0:01:37]} 8. Be3 {[%emt 0:00:58]} b5 {[%emt 0:01:16]} 9. Bb3 {[%emt 0:00:25]} a5 {[%emt 0:00:12]} 10. a4 {[%emt 0:02:20]} b4 {[%emt 0:00:26]} 11. Nb1 {[%emt 0:02:55]} Nfd7 {[%emt 0:16:25]} 12. Nd2 {[%emt 0:01:00]} Bd6 {[%emt 0:00:07]} 13. Ne2 {[%emt 0:00:32]} Na6 {[%emt 0:02:11]} 14. Nc1 {[%emt 0:12:15]} Bc5 {[%emt 0:10:22]} 15. Ke2 {[%emt 0:03:17]} Nb6 {[%emt 0:04:28]} 16. Nd3 {[%emt 0:00:50]} Bxe3 {[%emt 0:01:06]} 17. Kxe3 {[%emt 0:01:27]} f6 {[%emt 0:00:07]} 18. Nc4 {[%emt 0:00:45]} Nxc4+ {[%emt 0:00:14]} 19. Bxc4 {[%emt 0:00:03]} Nc7 {[%emt 0:02:57]} 20. Nc5 {[%emt 0:04:40]} Ke7 {[%emt 0:00:06]} 21. Rad1 {[%emt 0:00:21]} Rd8 {[%emt 0:00:40]} 22. Rxd8 {[%emt 0:00:22]} Kxd8 {[%emt 0:00:04]} 23. g3 {[%emt 0:09:27]} Ne8 {[%emt 0:03:40]} 24. f4 {[%emt 0:04:46]} exf4+ {[%emt 0:01:15]} 25. gxf4 {[%emt 0:00:02]} Ke7 {[%emt 0:00:03]} 26. e5 {[%emt 0:02:32]} Bf5 {[%emt 0:05:34]} 27. Rd1 {[%emt 0:02:36]} Ra7 {[%emt 0:00:28]} 28. Bb3 {[%emt 0:09:07]} g5 {[%emt 0:14:54]} 29. Re1 {[%emt 0:03:38]} Bg6 {[%emt 0:03:44]} 30. h4 {[%emt 0:02:46]} h6 {[%emt 0:04:59]} 31. exf6+ {[%emt 0:02:11]} Kxf6 {[%emt 0:00:54]} 32. fxg5+ {[%emt 0:00:02]} hxg5 {[%emt 0:00:07]} 33. Rf1+ {[%emt 0:00:05]} Ke5 {[%emt 0:02:17]} 34. Rg1 {[%emt 0:01:46]} g4 {[%emt 0:02:59]} 35. Rxg4 {[%emt 0:00:17]} Bf5 {[%emt 0:00:06]} 36. Nd3+ {[%emt 0:04:20]} Kf6 {[%emt 0:01:06]} 37. Rc4 {[%emt 0:00:03]} Re7+ {[%emt 0:00:56]} 38. Kd2 {[%emt 0:00:14]} Be4 {[%emt 0:00:15]} 39. Rc5 {[%emt 0:00:20]} Ra7 {[%emt 0:00:37]} 40. Re5 {[%emt 0:00:10]} Bxd3 {[%emt 0:00:58]} 41. Re6+ {[%emt 0:00:28]} Kf5 {[%emt 0:01:52]} 42. cxd3 {[%emt 0:00:03]} Ng7 {[%emt 0:00:33]} 43. Rxc6 {[%emt 0:00:03]} Kg4 {[%emt 0:00:57]} 44. Rh6 {[%emt 0:00:48]} Re7 {[%emt 0:00:44]} 45. Ra6 {[%emt 0:00:30]} Nf5 {[%emt 0:01:10]} 46. Be6 {[%emt 0:00:18]} Kf4 {[%emt 0:00:31]} 47. Bxf5 {[%emt 0:00:07]} Kxf5 {[%emt 0:00:03]} 48. Rxa5+ {[%emt 0:00:01]} Kg4 {[%emt 0:00:05]} 49. h5 {[%emt 0:00:20]} Kf3 {[%emt 0:00:05]} 50. Rf5+ {[%emt 0:00:06]} Kg4 {[%emt 0:00:02]} 51. Rb5 {[%emt 0:00:01]} 1-0